000
00254nam a2200109Ia 4500
008
190216s9999||||xx |||||||||||||| ||und||
100
_a
Sharma K N
245
0
_a
Competition Times Chemistry
260
_b
Pradeep Pub
_c
1996
300
_a
635p
942
_c
REF
999
_c
36372
_d
36372